| 000 | 00543nam a2200181Ia 4500 | ||
|---|---|---|---|
| 003 | GCL | ||
| 008 | 140319s9999 xx 000 0 ara d | ||
| 040 |
_aGCL / _cGCL |
||
| 082 | 0 | 4 |
_a243 _bع ا |
| 100 | 1 | _aعبدالملك على الكليب | |
| 245 | 1 | 0 |
_aاهوال القيامة / _cعبدالملك على الكليب |
| 260 |
_a[S.N] : _bدار الكتب العلمية للنشر والتوزيع ، _c1988 |
||
| 300 | _a156 ص | ||
| 490 | _a | ||
| 650 | 0 | 4 | _aيوم القيامة |
| 650 | 0 | 4 | _aالاخرة |
| 942 |
_2ddc _cBK |
||
| 999 |
_c58785 _d58785 |
||